| 000 | 01046nac a22002531u 4500 | ||
|---|---|---|---|
| 010 | _a 97022487 | ||
| 020 | _a0824701232 (acid-free paper) | ||
| 082 | 0 | 0 |
_a516.35 _bS4956 |
| 090 |
_c4042 _d4042 |
||
| 100 | _aSetoz, Sinan (Editor) | ||
| 245 | 0 | 0 |
_aAlgebraic geometry : _bproceedings of Bilkent summer school / _cedited by Sinan SertoÌ(z. |
| 260 |
_aNew York : _bM. Dekker, _cc1997. |
||
| 300 |
_axvi, 382 p. : _bill. ; _c26 cm. |
||
| 440 | 0 |
_aLecture notes in pure and applied mathematics ; _vv. 193 |
|
| 500 | _aPapers from the Algebraic geometry summer school held Aug. 7-19, 1995, at Bilkent University, Ankara, Turkey. | ||
| 504 | _aIncludes bibliographical references and index. | ||
| 650 | 0 |
_aGeometry, Algebraic _xCongresses. |
|
| 700 | 1 |
_aSertoÌ(z, Sinan, _d1954- |
|
| 856 | 4 | 2 |
_3Publisher description _uhttp://www.loc.gov/catdir/enhancements/fy0647/97022487-d.html |
| 942 |
_cBB _k516.35S4956 _hRDA-MOD |
||
| 999 |
_c4042 _d4042 |
||
| 336 |
_2rdacontent _atext _btxt |
||
| 337 |
_aunmediated _2rdamedia _bn |
||
| 338 |
_avolume _bnc _2rdacarrier |
||